Responses for show #4926 - Monday, January 30, 2006

Contestants

Sarah Altier, a teacher from DeLand, Florida

William Love, a brick manufacturer from Los Angeles, California

Candy Murphy, a federal IT specialist from Brambleton, Virginia (whose 1-day cash winnings total $9,601)

Jeopardy! Round responses

SURRENDER!
CELEBRITY HIGH SCHOOL YEARBOOK
LANGUAGE
STATE BIRDS
McDONALD'S SLOGANS
"PH" DELIGHTS
    $200 6
fight

William
    $200 1
(Alex: Yep, funny guy even then.)

Jay Leno

Sarah
    $200 21
Morocco

William
    $200 26
the cardinal

Candy
    $200 11
Arches

Candy
    $200 16
pharaoh

William
    $400 7
Detroit

William
    $400 2
Paula Abdul

William
    $400 22
Mandarin (Chinese)

Sarah
    $1,000 27
the mockingbird

Candy
    $400 12
lovin' it

William
    $400 17
Philadelphia

William
    $600 8
Alexander

William
    $600 3
James Dean

Sarah
    $600 23
an artificial language

Candy
    $600 28
Rhode Island (or Delaware)

Sarah
    $600 13
smile

William
    $600 18
photosynthesis

Sarah
    $800 9
(Sarah: What is Dien Bien? ...[*]!)
(Alex: Yes. That pause kind of indicated to me that you were saying "foo" to me. But [*] is right.)

Dien Bien Phu

Sarah
    $800 4
Sharon Stone

William
    $800 24
Slavic languages

William
    $800 29
(Sarah: What is the grouse?)

the (Canada) goose

WilliamSarah
    $800 14
taste

William
    $800 19
a phantom

Candy
    $1000 10
"Nuts"

William
    $1000 5
Johnny Cash

Sarah
    $1000 25
Sanskrit

Candy
    $1000 30
(Sarah: What is the oriole?)
(Alex: Be more specific.)
(Sarah: What is the Maryland oriole?)

the Baltimore oriole

WilliamSarah
    $1000 15
home

Triple Stumper
    $1000 20
(Candy: What is Physics?)

Physiology

CandyWilliam

Scores at the first commercial break (after clue 15):

Candy William Sarah
$200 $5,200 $2,600

Scores at the end of the Jeopardy! Round:

Candy William Sarah
$2,800 $9,600 $2,400

Double Jeopardy! Round responses

AUSSIE CAPITALS
G_S_N
(Alex: Each correct response will have those three letters, in that order.)
WORDS ABOUT WRITING
WHERE THE PRESIDENT PASSED
SINGERS ALSO KNOWN AS
PRECIOUS "M"s
    $400 1
Sydney

William
    $400 26
gasoline

Sarah
    $400 6
(Sarah: What is "I'll write it"?)

I write one

Sarah
Triple Stumper
    $400 11
Ronald Reagan

William
    $400 21
Jewel

William
    $400 16
Ming

William
    $800 2
Melbourne

Sarah
    $800 27
Galveston

Candy
    $2,000 7
Ernest Hemingway

Candy
    $800 12
FDR

William
    $800 22
Bobby Vinton

William
    $800 17
a manuscript

William
    $1200 3
Darwin

Sarah
    $1200 30
gallstones

Candy
    $1200 8
(Alexander) Pope

Sarah
    $1200 13
(William: Who is Theodore Roosevelt?)

McKinley

WilliamSarah
    $1200 23
Nelly

William
    $1200 18
mother of pearl

William
    $1600 4
Adelaide

Sarah
    $1600 29
gastronomy

Candy
    $1600 9
Edna Ferber

Triple Stumper
    $5,000 14
(Alex: Yes, the only president who went back to serve in the House.)

John Quincy Adams

Sarah
    $1600 24
Björk

Candy
    $1600 19
Monet

Sarah
    $2000 5
(Sarah: What is Tasmania?)

Hobart

CandySarah
    $2000 28
Gascogne

Candy
    $2000 10
James Joyce

Candy
    $2000 15
(Sarah: Who is Theodore Roosevelt?)

(Martin) Van Buren

CandySarah
    $2000 25
Freddy Fender

Triple Stumper
    $2000 20
(Candy: What is marcasite?)

malachite

Candy
Triple Stumper

Scores at the end of the Double Jeopardy! Round:

Candy William Sarah
$16,000 $14,800 $11,000

[wagering suggestions for these scores]

Final Jeopardy! Round responses

WORLD MONEY 2005
(Alex: Oh, this was a toughie, huh? Well, you know he was American, he's about 65 years old, and he's being honored by Scotland! What sports event or sporting activity do you associate with Scotland?)
...
(Alex: [*]. Winner of so many British Opens.)
SarahWho is Bannister?
$4,000
WilliamWho is armstong
$7,201
CandyWho is ?
$13,601
Jack Nicklaus

Final scores:

Candy William Sarah
$2,399 $7,599 $7,000
3rd place: $1,000 New champion: $7,599 2nd place: $2,000

Game dynamics:

Coryat scores:

Candy William Sarah
$14,200 $14,800 $7,600
15 R
(including 2 DDs),
2 W
25 R,
1 W
15 R
(including 1 DD),
5 W

Combined Coryat: $36,600

The J! Archive is created by fans, for fans. The Jeopardy! game show and all elements thereof, including but not limited to copyright and trademark thereto, are the property of Jeopardy Productions, Inc. and are protected under law. This website is not affiliated with, sponsored by, or operated by Jeopardy Productions, Inc. Join the discussion at JBoard.tv.